Twentieth century physics (Record no. 11607)

MARC details
000 -LEADER
fixed length control field 00664nam a2200217Ia 4500
003 - CONTROL NUMBER IDENTIFIER
control field IN-BaIIA
008 - FIXED-LENGTH DATA ELEMENTS--GENERAL INFORMATION
fixed length control field 211028s9999 xx 000 0 eng d
020 ## - INTERNATIONAL STANDARD BOOK NUMBER
International Standard Book Number 0-7503-0355-7
040 ## - CATALOGING SOURCE
Transcribing agency IIA Library
080 ## - UNIVERSAL DECIMAL CLASSIFICATION NUMBER
Universal Decimal Classification number 53
Item number TWE-III
245 #0 - TITLE STATEMENT
Title Twentieth century physics
Remainder of title vol. III
Statement of responsibility, etc. edited by Laurie M. Brown, Abraham Pais, Sir Brian Pippard.
260 ## - PUBLICATION, DISTRIBUTION, ETC.
Place of publication, distribution, etc. Bristol
Name of publisher, distributor, etc. IOP Publishing
Date of publication, distribution, etc. 1995
300 ## - PHYSICAL DESCRIPTION
Extent [various pagings.]
650 ## - SUBJECT ADDED ENTRY--TOPICAL TERM
Topical term or geographic name entry element 20th Century
9 (RLIN) 19603
650 ## - SUBJECT ADDED ENTRY--TOPICAL TERM
Topical term or geographic name entry element Physics
9 (RLIN) 73
650 ## - SUBJECT ADDED ENTRY--TOPICAL TERM
Topical term or geographic name entry element Twentieth century
9 (RLIN) 20050
700 ## - ADDED ENTRY--PERSONAL NAME
Personal name Laurie M Brown., ed.
9 (RLIN) 20051
700 ## - ADDED ENTRY--PERSONAL NAME
Personal name Pais, Abraham., ed.
9 (RLIN) 20052
700 ## - ADDED ENTRY--PERSONAL NAME
Personal name Pippard, Brian., ed.
9 (RLIN) 20053
942 ## - ADDED ENTRY ELEMENTS (KOHA)
Koha item type Books
Holdings
Withdrawn status Lost status Damaged status Not for loan Home library Current library Shelving location Date acquired Source of acquisition Total Checkouts Full call number Barcode Date last seen Price effective from Koha item type
        IIA Library-Bangalore IIA Library-Bangalore General Stacks 27/12/1995 WWB   53/ TWE-III 12522 05/11/2021 27/12/1995 Books

Powered by Koha